000 00299nam a22001337a 4500
008 170524b xxu||||| |||| 00| 0 eng d
020 _a07085310-X
041 _aeng
080 _23RD
_a621.3
100 _a26
101 _aIM
245 _aENGINEERING CIRCUIT ANALYSIS
_cHAYT,W.H
942 _2udc
_cBK
999 _c14189
_d14189